<?xml version="1.0" encoding="UTF-8"?>
<marc:record xmlns:marc="http://www.loc.gov/MARC21/slim">
   <marc:leader>00000nam a2200000 a 4500</marc:leader>
   <marc:datafield ind1="1" ind2=" " tag="100">
      <marc:subfield code="a">Baldacci, David</marc:subfield>
      <marc:subfield code="4">aut</marc:subfield>
      <marc:subfield code="e">Verfasser/-in</marc:subfield>
   </marc:datafield>
   <marc:datafield ind1=" " ind2=" " tag="653">
      <marc:subfield code="a">Thriller</marc:subfield>
   </marc:datafield>
   <marc:datafield ind1=" " ind2=" " tag="653">
      <marc:subfield code="a">Spionage</marc:subfield>
   </marc:datafield>
   <marc:datafield ind1=" " ind2=" " tag="653">
      <marc:subfield code="a">Vergangenheitsbewältigung</marc:subfield>
   </marc:datafield>
   <marc:datafield ind1="0" ind2="0" tag="245">
      <marc:subfield code="a">Falsche Wahrheit</marc:subfield>
   </marc:datafield>
   <marc:datafield ind1="0" ind2="0" tag="245">
      <marc:subfield code="b">Thriller; 4. Fall</marc:subfield>
   </marc:datafield>
   <marc:datafield ind1=" " ind2="1" tag="264">
      <marc:subfield code="b">floff publishing</marc:subfield>
      <marc:subfield code="c">2018</marc:subfield>
   </marc:datafield>
   <marc:datafield ind1="1" ind2=" " tag="490">
      <marc:subfield code="a">Will Robie Reihe</marc:subfield>
   </marc:datafield>
   <marc:datafield ind1="1" ind2=" " tag="520">
      <marc:subfield code="a">Klappentext: Will Robie ist der professionellste und beste Auftragskiller der US-Regierung. Er infiltriert die feindseligsten Länder der Welt, überwindet die fortschrittlichsten Sicherheitsmaßnahmen und beseitigt Bedrohungen, ehe sie Amerika überhaupt erreichen. Doch dann, urplötzlich, versagt Robie. Bei einem Einsatz in Übersee bringt er es nicht fertig, den Abzug zu drücken. Ohne seine tödlichen Fähigkeiten ist Robie ein Mann ohne Mission und Lebensinhalt. Um wiederzubekommen, was er verloren hat, muss er sich dem stellen, was er 20 Jahre lang zu vergessen versuchte: seiner eigenen Vergangenheit.  Biografie David Baldaccis Romane wurden in mehr als 45 Sprachen übersetzt und erreichen weltweit eine Gesamtauflage von über 100 Millionen. Er wurde 1960 in Virginia geboren und studierte dort Politik- und Rechtswissenschaften. Bevor er mit dem Schreiben begann, war er neun Jahre lang als Jurist tätig. Bereits sein erster Roman äDer Präsidentô war ein durchschlagender Erfolg und wurde kurz darauf verfilmt. Seit der Erkrankung seiner Schwester an Multipler Sklerose engagiert sich Baldacci ehrenamtlich für die National MS Society und weitere karitative Organisationen. Heute lebt er mit Frau und Kindern noch immer in Virginia.</marc:subfield>
   </marc:datafield>
   <marc:datafield ind1=" " ind2=" " tag="020">
      <marc:subfield code="a">9783785725894</marc:subfield>
      <marc:subfield code="9">9783785725894</marc:subfield>
   </marc:datafield>
</marc:record>
